000 00629nam a2200193Ia 4500
005 20250820134440.0
008 008 250516s9999 xx 000 0 hin d
020 _a9789395226868
040 _beng
_cSDCL
041 _ahin
_2hin
084 _aO152:g(Y), R3
100 _aDinimol, N.D. Ed.
_9809406
245 0 _aHindi Sahitya Me Dalit Aadiwasi Aur Stri-Vimarsh
246 _aहिंदी साहित्य में दलित आदिवासी और स्त्री - विमर्श
260 _aDelhi:
_bAdwait Prakashan,
_c2023.
300 _a238p.
650 _aHindi
942 _cTEXL
_2CC
999 _c1429141
_d1429141